Ideología como fuerza material y la juventud como fuerza ideológica
Reflexiona en torno al papel de la ideología en relación con los cambios que se dan en una sociedad - Toma la ideología no como una arma destructiva sino como conciencia y acción revolucionarias tras la toma del poder del pueblo en Nicaragua. Aborda la actividad revolucionaria por considerarla como...
में बचाया:
| मुख्य लेखक: | |
|---|---|
| स्वरूप: | मूलपाठ |
| प्रकाशित: |
Managua:
s. e.
|
| विषय: | |
| टैग: |
टैग जोड़ें
कोई टैग नहीं, इस रिकॉर्ड को टैग करने वाले पहले व्यक्ति बनें!
|
MARC
| LEADER | 00000 a a2200000 04500 | ||
|---|---|---|---|
| 001 | 20575 | ||
| 003 | |||
| 040 | |||
| 090 | |a 1002 N973i | ||
| 100 | |a Nuñez Soto, Orlando | ||
| 245 | |a Ideología como fuerza material y la juventud como fuerza ideológica | ||
| 260 | |a Managua: |b s. e. | ||
| 300 | |a 18 p. | ||
| 500 | |a La copia 2 la ponencia fue presentada en el 2 Congreso Nicaraguense de Ciencias Sociales Carlos Manuel Gálvez. Estado y clases sociales en Nicaragua | ||
| 520 | |a Reflexiona en torno al papel de la ideología en relación con los cambios que se dan en una sociedad - Toma la ideología no como una arma destructiva sino como conciencia y acción revolucionarias tras la toma del poder del pueblo en Nicaragua. Aborda la actividad revolucionaria por considerarla como la primera actividad libre de los individuos. Da importancia tanto a la practica como a la teoría en el mundo de los hechos como en el de la ideología, entendiendo como ideología aquella fuerza humana que condiciona la acción de los individuos y que hasta hace poco tiempo había sido considerada únicamente como falsa conciencia de nuestra propia realidad. Ilustra sobre las tres grandes contradicciones en que se debate la humanidad: producción, reproducción y vida cotidiana | ||
| 650 | |a IDEOLOGIAS | ||
| 650 | |a JUVENTUD | ||
| 650 | |a INDUSTRIALIZACION | ||
| 650 | |a CAMBIO SOCIALE | ||
| 650 | |a SITUACION ECONOMICA | ||
| 650 | |a REVOLUCION | ||
| 650 | |a AMERICA LATINA | ||
| 999 | |c 10512 |d 10512 | ||
